[Event "ch-Africa Women"]
[Site "Windhoek NAM"]
[Date "2007.09.04"]
[Round "4"]
[White "Solomons,A"]
[Black "Greef,M"]
[Result "1-0"]
[WhiteElo "1865"]
[BlackElo "2020"]

1.d4 Nf6 2.c4 g6 3.Nc3 Bg7 4.e4 d6 5.Nf3 O-O 6.Be2 e5 7.O-O Na6 8.Be3 Ng4
9.Bg5 Qe8 10.h3 h6 11.Bh4 Nf6 12.Bxf6 Bxf6 13.c5 Bg7 14.Bxa6 bxa6 15.cxd6 cxd6
16.Nd5 Rb8 17.dxe5 dxe5 18.Rc1 f5 19.exf5 gxf5 20.Nc7 Qf7 21.Qd6 Rb6 22.Qc5 e4
23.Ne5 Bxe5 24.Qxe5 Bb7 25.Rfd1 Rg6 26.Rd6 Rxd6 27.Qxd6 Qf6 28.Qxf6 Rxf6
29.Ne8 Rc6 30.Rxc6 Bxc6 31.Nd6 Bd7 32.Kf1 Kg7 33.Ke2 Kf6 34.Ke3 Be6 35.Kf4 h5
36.a3 Bd7 37.h4 Be6 38.Ne8+ Kf7 39.Nc7 Bc8 40.Kg5 a5 41.Kxh5 Kf6 42.g3 Bb7
43.Nb5 a6 44.Nc3 Bc6 45.Kh6 Bb7 46.Ne2 Bd5 47.Nf4 Bf7 48.Nh5+ Ke5 49.Kg5 Bxh5
50.Kxh5 f4 51.Kg4 f3 52.h5 Kd4 53.h6 Kd3 54.h7 Ke2 55.h8=Q Kxf2 56.Kf4 Kg2
57.Qe8 f2 58.Qxe4+ Kg1 59.Qe3 Kg2 60.Qf3+ Kg1 61.g4 f1=Q 62.Qxf1+ Kxf1 63.g5 Ke2
64.g6 Kd3 65.g7 Kc2 66.b4 axb4 67.axb4 Kb3 68.g8=Q+ Kxb4 69.Qa2 a5 70.Ke4 a4  1-0

[Event "2nd Women's"]
[Site "Baku AZE"]
[Date "2007.09.05"]
[Round "2"]
[White "Kadimova,I"]
[Black "Lahno,Kateri"]
[Result "0-1"]
[WhiteElo "2316"]
[BlackElo "2450"]

1.d4 Nf6 2.c4 g6 3.Nc3 Bg7 4.e4 O-O 5.Nf3 d6 6.Be2 e5 7.Be3 Ng4 8.Bg5 f6
9.Bh4 g5 10.Bg3 Nh6 11.d5 Nd7 12.O-O f5 13.exf5 Nxf5 14.Nd2 Nf6 15.Nde4 h6
16.c5 a6 17.Rc1 Bd7 18.b4 Be8 19.Nxf6+ Qxf6 20.Bh5 Bb5 21.Ne4 Qd8 22.Re1 Bd7
23.a4 Rc8 24.Be2 Nd4 25.cxd6 cxd6 26.Rxc8 Bxc8 27.a5 Bf5 28.Bg4 Bg6 29.Bh5 Bh7
30.f3 Qc7 31.Bf2 Kh8 32.Qd2 Bg8 33.Rc1 Qxc1+  0-1

[Event "12th ch-Asia w"]
[Site "Tehran IRI"]
[Date "2007.09.05"]
[Round "3"]
[White "Karavade,E"]
[Black "Tan Zhongyi"]
[Result "1/2-1/2"]
[WhiteElo "2367"]
[BlackElo "2276"]

1.d4 Nf6 2.c4 g6 3.Nc3 Bg7 4.e4 d6 5.Nf3 O-O 6.Be2 e5 7.Be3 Na6 8.O-O Ng4
9.Bg5 Qe8 10.dxe5 dxe5 11.h3 h6 12.Bd2 Nf6 13.Be3 Qe7 14.Nd5 Qd8 15.Nxf6+ Qxf6
16.c5 g5 17.Nd2 Rd8 18.Qb3 Nb8 19.Bg4 Bxg4 20.hxg4 b6 21.Rfd1 Nc6 22.Qc4 Nd4
23.Re1 Qg6 24.Rac1 b5 25.Qc3 h5 26.gxh5 Qxh5 27.Bxd4 exd4 28.Qd3 g4 29.Nf1 Be5
30.Ng3 Qh4 31.Nf5 Qh2+ 32.Kf1 Re8 33.Rcd1 Bf6 34.Ng3 Be5 35.Nf5  1/2-1/2

[Event "ch-Africa Men"]
[Site "Windhoek NAM"]
[Date "2007.09.05"]
[Round "5"]
[White "Solomon,K"]
[Black "Kawuma,S"]
[Result "1-0"]
[WhiteElo "2344"]
[BlackElo "2144"]

1.Nf3 Nf6 2.c4 g6 3.Nc3 d6 4.d4 Bg7 5.e4 O-O 6.Be2 Na6 7.O-O e5 8.Be3 Ng4
9.Bg5 Qe8 10.c5 h6 11.Bh4 f5 12.exf5 gxf5 13.Nd5 Be6 14.dxe5 dxe5 15.Bxa6 bxa6
16.Nxc7 Qc6 17.Qd6 Qxd6 18.cxd6 Bd7 19.Nxa8 Rxa8 20.Rac1 e4 21.Rc7 Bb5 22.Rd1 exf3
23.d7 Bxd7 24.Rdxd7 Bxb2 25.gxf3 Ne5 26.Rg7+ Kf8 27.Kg2 Nd3 28.Rcf7+ Ke8
29.Re7+ Kf8 30.Rgf7+ Kg8 31.Rxf5 Bg7 32.Rd7 Nb4 33.Rf4 Bc3 34.Rg4+ Kh8 35.Rc4 Be1
36.Kf1  1-0

[Event "12th ch-Asia w"]
[Site "Tehran IRI"]
[Date "2007.09.06"]
[Round "4"]
[White "Karavade,E"]
[Black "Zhang Xiaowen"]
[Result "1/2-1/2"]
[WhiteElo "2367"]
[BlackElo "2203"]

1.d4 Nf6 2.c4 g6 3.Nc3 Bg7 4.e4 d6 5.Nf3 O-O 6.Be2 e5 7.Be3 Ng4 8.Bg5 f6
9.Bh4 g5 10.Bg3 Nh6 11.d5 Nd7 12.Nd2 f5 13.exf5 Nf6 14.Nde4 Nxe4 15.Nxe4 Bxf5
16.Bd3 g4 17.O-O Qe8 18.Re1 Qg6 19.c5 Nf7 20.Bh4 Rae8 21.Rc1 dxc5 22.Rxc5 Nd6
23.Qc2 Rf7 24.Qa4 Ref8 25.Bg3 h5 26.Bh4 Kh8 27.Rc3  1/2-1/2

[Event "12th ch-Asia w"]
[Site "Tehran IRI"]
[Date "2007.09.06"]
[Round "4"]
[White "Mohota,N"]
[Black "Ju Wenjun"]
[Result "1/2-1/2"]
[WhiteElo "2332"]
[BlackElo "2345"]

1.d4 Nf6 2.c4 g6 3.Nc3 Bg7 4.e4 d6 5.Nf3 O-O 6.Be2 e5 7.Be3 Ng4 8.Bg5 f6
9.Bh4 g5 10.Bg3 Nh6 11.d5 Nd7 12.Nd2 f5 13.exf5 Nxf5 14.Nde4 h6 15.O-O a5
16.Rc1 b6 17.Bg4 Nc5 18.Bxf5 Bxf5 19.f3 Qe8 20.Bf2 Qg6 21.Bxc5 bxc5 22.h3 Rf7
23.Qd2 Raf8 24.Rce1 Bc8 25.Nb5 g4 26.hxg4 Bxg4 27.fxg4 Rxf1+ 28.Rxf1 Rxf1+
29.Kxf1 Qxe4 30.b3 Qb1+ 31.Kf2 e4 32.g5 hxg5  1/2-1/2

[Event "60th ch-RUS Higher League"]
[Site "Krasnoyarsk RUS"]
[Date "2007.09.08"]
[Round "5"]
[White "Popov,Val"]
[Black "Kremenietsky,AnM"]
[Result "1-0"]
[WhiteElo "2577"]
[BlackElo "2353"]

1.d4 Nf6 2.c4 g6 3.Nc3 Bg7 4.e4 d6 5.Nf3 O-O 6.Be2 e5 7.O-O Na6 8.Be3 Qe8
9.Re1 b6 10.h3 Bb7 11.d5 Nc5 12.Nd2 a5 13.a3 a4 14.Bxc5 bxc5 15.Qc2 Bc8 16.Nb5 Qe7
17.Nb1 Nh5 18.N1c3 Nf4 19.Bf1 f5 20.Nxa4 Rf7 21.Nac3 g5 22.g3 Nh5 23.Qe2 Nf6
24.exf5 Bxf5 25.Qe3 g4 26.h4 Raf8 27.Bg2 h5 28.a4 Bc8 29.Qg5 Qd7 30.Re2 Nh7
31.Qd2 Rf3 32.Ne4 R8f7 33.Kh2 Bf8 34.Qa5 Rb3 35.Qe1 Bh6 36.Rc2 Qf5 37.Ra3 Rf3
38.Rcc3 Rxc3 39.Rxc3 Qg6 40.Rb3 Ba6 41.Qa5 Nf6 42.Qe1 Ne8 43.Rc3 Qf5 44.Rc2 Qd7
45.Qa5 Bb7 46.Na7 Ng7 47.b4 cxb4 48.Qxb4 Ba8 49.Qb8+ Qe8 50.Rb2 Rf8 51.Qxe8 Nxe8
52.Rb8 Ng7 53.Nc8  1-0

[Event "4th LGA Premium Cup"]
[Site "Nuernberg GER"]
[Date "2007.09.08"]
[Round "4"]
[White "Hager,J"]
[Black "Jahnel,G"]
[Result "0-1"]
[WhiteElo "2061"]
[BlackElo "2315"]

1.Nf3 Nf6 2.c4 g6 3.Nc3 d6 4.e4 Bg7 5.d4 O-O 6.Be2 Nbd7 7.O-O e5 8.Be3 Ng4
9.Bg5 f6 10.Bc1 Nh6 11.d5 Nf7 12.b4 f5 13.a4 Nf6 14.Nd2 a5 15.Ba3 Bh6 16.Bd3 Nh5
17.Re1 Nf4 18.Bf1 Nh3+ 19.gxh3 Qg5+ 20.Bg2 Qxd2 21.Nb5 axb4 22.Nxc7 Qxd1
23.Rexd1 Rxa4 24.Bb2 Rxa1 25.Rxa1 fxe4 26.h4 e3 27.Ne6 Re8 28.f4 Bxf4 29.Ra8 Bd7
30.Ra7 e2 31.Kf2 Be3+  0-1

[Event "4th LGA Premium Cup"]
[Site "Nuernberg GER"]
[Date "2007.09.08"]
[Round "4"]
[White "Bogner,S"]
[Black "Nabavi,P"]
[Result "1-0"]
[WhiteElo "2371"]
[BlackElo "2103"]

1.Nf3 Nf6 2.c4 g6 3.Nc3 Bg7 4.e4 d6 5.d4 O-O 6.Be2 e5 7.Be3 Ng4 8.Bg5 f6
9.Bc1 Nc6 10.d5 Ne7 11.h3 Nh6 12.h4 f5 13.Ng5 Nf7 14.Ne6 Bxe6 15.dxe6 Nh8
16.Bg5 c6 17.c5 d5 18.exd5 cxd5 19.Bxe7 Qxe7 20.Nxd5 Qxe6 21.Nc7 Qe7 22.Nxa8 Rxa8
23.Bc4+ Nf7 24.Qb3 Kf8 25.Bxf7 Qxf7 26.Qxf7+ Kxf7 27.O-O-O Ke7 28.h5 g5 29.h6 Bf8
30.Kb1 Rc8 31.b4 a5 32.a3 axb4 33.axb4 Rc6 34.Rd5 Ke6 35.Rd8 Be7 36.Rh8 b6
37.Rxh7 Bf6 38.Rb7  1-0

[Event "3rd Geller mem Open A"]
[Site "Odessa UKR"]
[Date "2007.09.08"]
[Round "1"]
[White "Grinev,V"]
[Black "Tihonov,J"]
[Result "1/2-1/2"]
[WhiteElo "2242"]
[BlackElo "2542"]

1.d4 Nf6 2.c4 g6 3.Nc3 Bg7 4.e4 d6 5.Nf3 O-O 6.Be2 e5 7.O-O Na6 8.Be3 Ng4
9.Bg5 Qe8 10.dxe5 dxe5 11.h3 f6 12.Bd2 Nh6 13.Be3 c6 14.c5 Nf7 15.Nd2 Nc7
16.Nc4 Ne6 17.Qa4 f5 18.exf5 gxf5 19.Bh5 Qe7 20.Bxf7+ Qxf7 21.Nd6 Qe7 22.f3 Kh8
23.Rae1 b5 24.Qc2 Qf6 25.Nxc8 Raxc8 26.a4 b4 27.Ne2 Rcd8 28.Rd1 Rd5 29.Qc4 Rfd8
30.Rxd5 cxd5 31.Qxb4 d4 32.Bf2 Bf8 33.Qc4 Bxc5 34.b4 Bf8 35.Rd1 Bg7 36.Ng3 Nf4
37.Ne2 Nxe2+ 38.Qxe2 Qd6 39.Qc4 e4 40.fxe4 fxe4 41.b5 Qb6 42.Kh1 e3 43.Bg1 Re8
44.Re1 Qa5 45.Re2 Rd8 46.Bxe3 dxe3 47.Rxe3 h6 48.Re7 Rd1+ 49.Kh2 Qd8 50.Re2 Bd4
51.g3 Qf8 52.Rc2 Bg1+ 53.Kg2 Bc5 54.Kh2 Qf3 55.Qc3+ Qxc3 56.Rxc3 Bb6 57.Ra3 Rd2+
58.Kh1 Ba5 59.Re3 Rd1+ 60.Kg2 Re1 61.Rd3 Ra1 62.Rd6 h5 63.Rh6+ Kg7 64.Rxh5 Rxa4
65.g4 Kg6 66.Kf3 Bb6 67.Rd5 Ra3+ 68.Kg2 Rc3 69.Rh5 Be3 70.Rd5 Bf4 71.Rf5 Bc7
72.Rh5 Kf6 73.Kf2 Be5 74.Rh6+ Kg5 75.Rh7 Kf4 76.Rf7+ Ke4 77.Kg2 Rg3+ 78.Kf2 Rxh3
79.Rxa7 Rh2+ 80.Kf1 Bf4 81.Ke1 Kf3 82.Kd1 Rd2+ 83.Ke1 Rc2 84.Rd7 Rc7 85.Rd8 Rc5
86.b6 Rb5 87.Kd1 Rxb6  1/2-1/2

[Event "Masters"]
[Site "Trieste ITA"]
[Date "2007.09.08"]
[Round "9"]
[White "Tonon,A"]
[Black "Mazi,L"]
[Result "1/2-1/2"]
[WhiteElo "2186"]
[BlackElo "2352"]

1.d4 Nf6 2.c4 d6 3.Nc3 e5 4.Nf3 Nbd7 5.e4 g6 6.Be2 Bg7 7.O-O O-O 8.Re1 c6
9.Bf1 exd4 10.Nxd4 Nc5 11.f3 Nfd7 12.Be3 Re8 13.Qd2 a5 14.b3 Ne5 15.Rad1 Qe7
16.Nc2 Bf8 17.Bg5 Qc7 18.Ne3 Qb8 19.Bh4 Qa7 20.Kh1 h5 21.h3 Ne6 22.Nc2 Nc5
23.Nd4 Qb6 24.f4 Ned7 25.Rb1 Bg7 26.Bf2 Qd8 27.Bd3 Nxd3 28.Qxd3 Qf6 29.Nde2 Nc5
30.Qf3 Qe7 31.Nd4 Bd7 32.Rbd1 Rad8 33.Re2 Bc8 34.Rde1 Qf6 35.Kh2 a4 36.Nxa4 Nxa4
37.bxa4 Bh6 38.f5 Qe5+ 39.Kh1 Qf4 40.Qd3 Bd7 41.Bg3 Qg5 42.Bf2 Qf4 43.Bg3 Qg5  1/2-1/2

[Event "Open"]
[Site "Liverpool ENG"]
[Date "2007.09.09"]
[Round "9"]
[White "Wu,L"]
[Black "McNab,C"]
[Result "0-1"]
[WhiteElo "2314"]
[BlackElo "2416"]

1.d4 d6 2.Nf3 g6 3.c4 Nd7 4.Nc3 e5 5.e4 Bg7 6.Be2 Ngf6 7.O-O O-O 8.Be3 Re8
9.d5 Nh5 10.Ne1 Nf4 11.Nd3 Nxe2+ 12.Qxe2 f5 13.f3 f4 14.Bf2 Bf8 15.Rfc1 g5
16.Nb5 c5 17.b4 b6 18.a4 a5 19.bxa5 bxa5 20.Rab1 Nf6 21.Rb2 Kh8 22.Kh1 g4
23.Bh4 Be7 24.Bxf6+ Bxf6 25.fxg4 Rg8 26.Nf2 Bh4 27.h3 h5 28.Rc3 hxg4 29.Nxg4 Rxg4
30.hxg4 Bg3 31.Kg1 Qh4 32.Rxg3 fxg3 33.Qe3 Bxg4 34.Nxd6 Rf8 35.Nf5 Qh2+ 36.Kf1 Qh1+
37.Qg1 Qh6  0-1

[Event "4th LGA Premium Cup"]
[Site "Nuernberg GER"]
[Date "2007.09.09"]
[Round "7"]
[White "Schatz,C"]
[Black "Bogner,S"]
[Result "1/2-1/2"]
[WhiteElo "2225"]
[BlackElo "2371"]

1.Nf3 Nf6 2.c4 g6 3.Nc3 Bg7 4.e4 d6 5.d4 O-O 6.Be2 e5 7.dxe5 dxe5 8.Qxd8 Rxd8
9.Nd5 Nxd5 10.cxd5 c6 11.Bc4 b5 12.Bb3 Bb7 13.Bg5 Rd7 14.dxc6 Bxc6 15.Nd2 a5
16.a3 Na6 17.Rc1 Bb7 18.Ke2 Bf8 19.Be3 a4 20.Ba2 Rad8 21.Rhd1 b4 22.Bg5 Rb8
23.axb4 Nxb4 24.Bc4 Ba6 25.Bxa6 Nxa6 26.Nc4 Rxd1 27.Rxd1 Rb4 28.Rc1 Bc5 29.Bd2 Rb8
30.Bc3 Bd4 31.Bxd4 exd4 32.Rd1 Rd8 33.Nb6 Nc5 34.Nd5 a3 35.bxa3 Nxe4 36.f3 Rxd5
37.fxe4 Ra5 38.Rd3 Kg7 39.Kf3 Kf6 40.Rxd4 Rxa3+ 41.Kf2 Ke5 42.Rd7 Ke6 43.Rb7 h6
44.Rb5 Kf6 45.h4 Ra1 46.Rc5 Ra6 47.Kf3 Ra3+ 48.Kf2 Rd3 49.Rb5 Ke6 50.Ra5 Rc3
51.Rb5 Rc2+ 52.Kf3 Rc1 53.Ra5 Rf1+ 54.Kg3 Kf6 55.Rb5 h5 56.Ra5 Kg7 57.Ra7 Kh6
58.Re7 Kg7 59.Ra7 Kf6 60.Ra5 Ke6  1/2-1/2

[Event "FSIM September"]
[Site "Budapest HUN"]
[Date "2007.09.10"]
[Round "10"]
[White "Gauri,S"]
[Black "Brustkern,J"]
[Result "1/2-1/2"]
[WhiteElo "2177"]
[BlackElo "2296"]

1.d4 Nf6 2.c4 g6 3.Nc3 Bg7 4.e4 d6 5.Be2 O-O 6.Nf3 Na6 7.O-O e5 8.Re1 c6
9.Bf1 Bg4 10.Be3 exd4 11.Bxd4 c5 12.Be3 Qb6 13.Rb1 Rfe8 14.b4 Qd8 15.bxc5 Nd7
16.Nb5 Ndxc5 17.Nxd6 Re7 18.Bg5 f6 19.Bf4 Rd7 20.h3 Be6 21.Re2 Qf8 22.Rd2 b6
23.Nb5  1/2-1/2

[Event "12th ch-Asia w"]
[Site "Tehran IRI"]
[Date "2007.09.11"]
[Round "9"]
[White "Mohota,N"]
[Black "Tan Zhongyi"]
[Result "1-0"]
[WhiteElo "2332"]
[BlackElo "2276"]

1.d4 Nf6 2.c4 g6 3.Nc3 Bg7 4.e4 d6 5.Nf3 O-O 6.Be2 e5 7.Be3 Ng4 8.Bg5 f6
9.Bh4 g5 10.Bg3 Nh6 11.dxe5 dxe5 12.Qd5+ Kh8 13.Qxd8 Rxd8 14.Nd2 Na6 15.O-O-O Nc5
16.f3 c6 17.Bf2 Bf8 18.a3 Be6 19.Kc2 a5 20.Be3 Nf7 21.h4 a4 22.hxg5 fxg5
23.Rh5 h6 24.Rdh1 Kg8 25.g3 Nd7 26.f4 Nf6 27.R5h2 Bg4 28.fxg5 hxg5 29.Rf2 Bxe2
30.Rxf6 Bd3+ 31.Kc1 Kg7 32.Rf5 Be7 33.Rh7+ Kxh7 34.Rxf7+ Kg6 35.Rxe7 Kf6
36.Rxb7 Rh8 37.Nf3 g4 38.Bg5+ Kg6 39.Nxe5+ Kxg5 40.Nxd3 Rad8 41.Kd2 Rhf8
42.Nxa4 Rf3 43.Nc5 Kh6 44.e5 Rxg3 45.e6 Rf3 46.e7 Re8 47.Ne4 g3 48.Ne1  1-0

[Event "3rd Geller mem Open A"]
[Site "Odessa UKR"]
[Date "2007.09.13"]
[Round "6"]
[White "Sumets,A"]
[Black "Mihajlovskij,S"]
[Result "1/2-1/2"]
[WhiteElo "2529"]
[BlackElo "2491"]

1.d4 Nf6 2.c4 g6 3.Nc3 Bg7 4.e4 O-O 5.Nf3 d6 6.Be2 e5 7.O-O Na6 8.Re1 c6
9.Bf1 Bg4 10.d5 Nh5 11.h3 Bc8 12.Bg5 f6 13.Be3 c5 14.Rb1 Rf7 15.a3 Qf8 16.b4 Bh6
17.Bxh6 Qxh6 18.Nb5 Qf8 19.Re3  1/2-1/2

[Event "3rd Geller mem Open A"]
[Site "Odessa UKR"]
[Date "2007.09.13"]
[Round "6"]
[White "Baranov,J"]
[Black "Rymskyy,A"]
[Result "1-0"]
[WhiteElo "2206"]
[BlackElo "2098"]

1.d4 Nf6 2.c4 g6 3.Nc3 Bg7 4.e4 d6 5.Be2 O-O 6.Nf3 e5 7.Be3 Ng4 8.Bg5 f6
9.Bh4 Nc6 10.d5 Ne7 11.Nd2 Nh6 12.Qc2 g5 13.Bg3 f5 14.f3 Ng6 15.O-O-O Nf4
16.Rhg1 c6 17.h3 Bd7 18.Kb1 Rb8 19.Bf1 Qb6 20.Rh1 Rfc8 21.Nb3 Qc7 22.Rc1 a6
23.Bf2 b5 24.g3 Ng6 25.dxc6 Qxc6 26.Nd5 Be6 27.Bd3 Qd7 28.Qd2 fxe4 29.fxe4 Nf7
30.cxb5 Bxd5 31.exd5 axb5 32.Na5 Ne7 33.Be4 Rxc1+ 34.Qxc1 Rc8 35.Qd2 h6 36.g4 Bf6
37.Be3 Kg7 38.Rf1 Rf8 39.Nc6 Nd8 40.Nxe7 Bxe7 41.Rxf8 Bxf8 42.Qa5 Be7 43.Bd3 e4
44.Bxb5 Qb7 45.Bd4+ Kh7 46.Bc4 Nf7 47.Qe1 Ne5 48.Qxe4+ Kg8 49.Bxe5 dxe5 50.d6+  1-0

[Event "60th ch-RUS Higher League"]
[Site "Krasnoyarsk RUS"]
[Date "2007.09.14"]
[Round "11"]
[White "Popov,Val"]
[Black "Petrukhin,D"]
[Result "1/2-1/2"]
[WhiteElo "2577"]
[BlackElo "2412"]

1.d4 Nf6 2.Nf3 g6 3.c4 Bg7 4.Nc3 O-O 5.e4 d6 6.Be2 Na6 7.O-O e5 8.Be3 Ng4
9.Bg5 Qe8 10.Re1 exd4 11.Nxd4 Qe5 12.Nf3 Qc5 13.Bh4 f5 14.exf5 Bxf5 15.h3 Ne5
16.Nd4 Kh8 17.Nb3 Qc6 18.Nd4 Qc5 19.Nb3  1/2-1/2

[Event "60th ch-RUS Higher League"]
[Site "Krasnoyarsk RUS"]
[Date "2007.09.14"]
[Round "11"]
[White "Voinov,A"]
[Black "Kremenietsky,AnM"]
[Result "1-0"]
[WhiteElo "2428"]
[BlackElo "2353"]

1.d4 Nf6 2.Nf3 g6 3.c4 Bg7 4.Nc3 O-O 5.e4 d6 6.Be2 e5 7.O-O Na6 8.Be3 Qe8
9.Re1 exd4 10.Bxd4 Nb4 11.e5 dxe5 12.Bc5 Nc6 13.Nb5 e4 14.Nxc7 exf3 15.Nxe8  1-0

[Event "TCh-FIN 2007-8"]
[Site "Finland FIN"]
[Date "2007.09.15"]
[Round "1"]
[White "Nyback,T"]
[Black "Seeman,T"]
[Result "1-0"]
[WhiteElo "2565"]
[BlackElo "2421"]

1.d4 Nf6 2.c4 g6 3.Nc3 Bg7 4.e4 d6 5.Nf3 O-O 6.Be2 Na6 7.O-O e5 8.Be3 c6
9.d5 Ng4 10.Bg5 f6 11.Bh4 c5 12.Ne1 Nh6 13.Nd3 b6 14.Qa4 Nf7 15.b4 h5 16.f3 Bh6
17.Bf2 f5 18.bxc5 Nxc5 19.Nxc5 bxc5 20.Rab1 Bd2 21.Qc2 Bxc3 22.Qxc3 f4 23.Kh1 g5
24.g3 fxg3 25.hxg3 Bh3 26.Rg1 g4 27.f4 Ng5 28.Qe3 Qf6 29.f5 Rfb8 30.Kh2 Qd8
31.Rb3 Rb4 32.Rxb4 cxb4 33.Be1 a5 34.Bd2 Nf7 35.Rc1 Rc8 36.c5 Rxc5 37.Rxc5 dxc5
38.Qxc5 h4 39.Qc6 Nd6 40.Bd3 hxg3+ 41.Kxg3 Kg7 42.Be3 Bg2 43.f6+ Qxf6 44.Qd7+ Kf8
45.Qxg4 Bxe4 46.Bxe4 Nxe4+ 47.Qxe4 Ke7 48.Bc5+ Kd7 49.Kg4 Qg7+ 50.Kf5 Qh7+
51.Kxe5 Qg7+ 52.Kf4 Qh6+ 53.Kg3 Qd2 54.Qe6+  1-0

[Event "TCh-FIN 2007-8"]
[Site "Finland FIN"]
[Date "2007.09.15"]
[Round "1"]
[White "Maki Uuro,Mi"]
[Black "Hartikainen,M"]
[Result "1/2-1/2"]
[WhiteElo "2399"]
[BlackElo "2310"]

1.Nf3 Nf6 2.c4 g6 3.Nc3 Bg7 4.e4 d6 5.d4 O-O 6.Be2 e5 7.dxe5 dxe5 8.Qxd8 Rxd8
9.Nd5 Nxd5 10.cxd5 c6 11.Bc4 b5 12.Bb3 Bb7 13.Bg5 Rd7 14.Rc1 h6 15.Be3 Kh7
16.h4 cxd5 17.Bxd5 Na6 18.Bxb7 Rxb7 19.Ke2 Rd8 20.Rhd1 Rxd1 21.Kxd1 Rd7+
22.Ke2 f5 23.Bd2  1/2-1/2

[Event "3rd Geller mem Open A"]
[Site "Odessa UKR"]
[Date "2007.09.15"]
[Round "8"]
[White "Lomakin,V"]
[Black "Vasilyev,M"]
[Result "1/2-1/2"]
[WhiteElo "2086"]
[BlackElo "2329"]

1.d4 Nf6 2.c4 g6 3.Nc3 Bg7 4.e4 d6 5.Nf3 O-O 6.Be2 e5 7.O-O Nbd7 8.Re1 c6
9.Bf1 Re8 10.d5 c5 11.Qc2 Rf8 12.a3 h6 13.b4 b6 14.Rb1 Ne8 15.g3 Ndf6 16.bxc5 bxc5
17.Bd2 Nh5 18.Be2 Kh7 19.Rb3 f5 20.exf5 gxf5 21.Nxe5 Nxg3 22.hxg3 dxe5 23.Be3 Kh8
24.Bxc5 Rg8 25.Bf1 Nd6 26.Nb5 Ne4 27.Bxa7 Qa5 28.Rxe4 fxe4 29.Be3 Bf5 30.c5 h5
31.c6 Bf6 32.Bb6 Qxb6 33.Nd6 Qa5 34.Rb5 Qe1 35.Nxf5 Rxa3 36.Qe2 Qxe2 37.Bxe2 Rc3
38.Rb7 h4 39.c7 e3 40.d6 exf2+ 41.Kxf2 hxg3+ 42.Kg2 Rc2 43.Rb8 Rxe2+ 44.Kf3 Rf2+
45.Ke4 Rc2 46.Ne7 Bxe7 47.dxe7 g2 48.Rxg8+ Kxg8 49.e8=Q+ Kh7 50.Qh5+ Kg8
51.Qg4+ Kh7 52.c8=Q Rxc8 53.Qh3+ Kg7 54.Qxg2+ Kf7 55.Qa2+ Ke7 56.Qd5 Rc7
57.Kxe5 Rd7 58.Qc5+ Kf7 59.Kf5 Re7 60.Qd5+ Kg7 61.Qd6 Kf7 62.Qd5+ Kg7 63.Kg5 Rf7
64.Qe6 Kh8 65.Qh3+ Kg8 66.Qc8+ Kg7 67.Qe6 Kh8 68.Qh6+ Kg8 69.Kg6 Rf6+  1/2-1/2

[Event "17th ch-EU U16 Boys"]
[Site "Sibenik CRO"]
[Date "2007.09.15"]
[Round "2"]
[White "Lugovskoy,D"]
[Black "Kuchynka,Luk"]
[Result "0-1"]
[WhiteElo "1964"]
[BlackElo "2180"]

1.d4 Nf6 2.Nf3 g6 3.c4 Bg7 4.Nc3 O-O 5.e4 d6 6.Be2 e5 7.dxe5 dxe5 8.Qxd8 Rxd8
9.Bg5 c6 10.Nxe5 Re8 11.O-O-O Na6 12.Nf3 Bg4 13.Bxf6 Bxf6 14.h3 Bxc3 15.hxg4 Bg7
16.Nd2 Nc5 17.f3 Na4 18.Kc2 Rad8 19.Nb1 Nxb2 20.Rxd8 Rxd8 21.Nc3 Rd4 22.Kb3 Rd2
23.Rb1 Nd3 24.Bxd3 Rxd3 25.Rc1 c5 26.Rc2 g5 27.Kb2 Bd4 28.Kb3 Kg7 29.Rc1 Kf6
30.Rc2 Ke5 31.Rc1 Kf4 32.Rh1 Rxc3+ 33.Ka4 Rxc4+ 34.Kb3 Rb4+ 35.Kc2 f6 36.Rxh7 a5
37.e5 Bxe5 38.g3+ Kxf3 39.Rd7 c4 40.a4 Rb2+ 41.Kc1 c3 42.Rd3+ Kxg4 43.Re3 Rb4
44.Kc2 Rxa4  0-1

[Event "17th ch-EU U16 Boys"]
[Site "Sibenik CRO"]
[Date "2007.09.16"]
[Round "3"]
[White "Saatdjian,T"]
[Black "Georgescu,T"]
[Result "1/2-1/2"]
[WhiteElo "2284"]
[BlackElo "2385"]

1.Nf3 Nf6 2.c4 g6 3.Nc3 Bg7 4.e4 d6 5.d4 O-O 6.Be2 e5 7.Be3 Na6 8.O-O Ng4
9.Bg5 Qe8 10.c5 exd4 11.Nd5 Qxe4 12.Ne7+ Kh8 13.cxd6 cxd6 14.Re1 d3 15.Bxd3 Qb4
16.h3 Ne5 17.Nxe5 dxe5 18.Re4 Qd6 19.Rh4 e4 20.Bxe4 Qxd1+ 21.Rxd1 Nc5 22.Nxc8 Raxc8
23.b4 Ne6 24.Be3 Rc4 25.g3 Rxb4 26.a3 Rb3 27.Bd5 Rxa3 28.Bxe6 Rxe3 29.fxe3 fxe6
30.Rd7 Rb8 31.Rb4 b5 32.Rxa7 Bc3 33.Rb1 b4 34.Rc7 Rf8 35.Rf1 Rb8 36.Rb1 Rf8
37.Kg2 Kg8 38.Rb7 Rf7 39.Rxf7 Kxf7 40.Kf3 Kf6 41.Ke4 Kg5 42.Kd3 h5 43.Rf1 Be5
44.Rf3 b3 45.e4  1/2-1/2

[Event "17th ch-EU U16 Boys"]
[Site "Sibenik CRO"]
[Date "2007.09.17"]
[Round "4"]
[White "Krivec,S"]
[Black "Pomaro,A"]
[Result "1-0"]
[WhiteElo "2003"]
[BlackElo "2149"]

1.d4 Nf6 2.Nf3 g6 3.c4 Bg7 4.Nc3 O-O 5.e4 d6 6.Be2 e5 7.dxe5 dxe5 8.Qxd8 Rxd8
9.Bg5 Re8 10.O-O-O Na6 11.Nxe5 Nxe4 12.Nxe4 Bxe5 13.Nf6+ Bxf6 14.Bxf6 Bf5
15.Rd2 Nc5 16.f3 Re6 17.Bd4 Nb3+ 18.axb3 Ra6 19.Rdd1 Rd8 20.g4 Ra1+ 21.Kd2 Rxd4+
22.Ke3 Rdxd1 23.Rxd1 Rxd1 24.Bxd1 Be6 25.Kd4 Kf8 26.g5 Ke7 27.Ke5 c5 28.h4 a6
29.Be2 b6 30.Bd3 Bc8 31.f4 Bg4 32.Bc2 Bf3 33.f5 Bg4 34.f6+ Kd7 35.Be4 Be6
36.Bb7 a5 37.Bf3 Kc7 38.h5 Kd7 39.hxg6 hxg6 40.Be4 a4 41.bxa4 Bxc4 42.Bd5  1-0

[Event "17th Senior WCh"]
[Site "Gmunden AUT"]
[Date "2007.09.18"]
[Round "2"]
[White "Altshul,R"]
[Black "Stull,N"]
[Result "1-0"]
[WhiteElo "2330"]
[BlackElo "2134"]

1.d4 Nf6 2.c4 g6 3.Nc3 Bg7 4.e4 d6 5.Be2 O-O 6.Nf3 e5 7.d5 a5 8.h4 Na6 9.Nd2 Nc5
10.h5 c6 11.Qc2 cxd5 12.cxd5 Bd7 13.Nb3 b6 14.Nxc5 bxc5 15.hxg6 hxg6 16.a4 Ne8
17.Bb5 Nc7 18.Bxd7 Qxd7 19.Qd3 Qg4 20.O-O Rfb8 21.Nd1 Rb4 22.f3 Qd7 23.Qc2 Qc8
24.Bd2 Rbb8 25.b3 Qa6 26.Nb2 Qb6 27.Nc4 Qxb3 28.Qxb3 Rxb3 29.Nxd6 Rd3 30.Nc4 f5
31.Rfe1 fxe4 32.fxe4 Nxd5 33.exd5 e4 34.Ra3 Rd4 35.Rc1 Rxd5 36.Be3 Rad8 37.Kf2 Bd4
38.Ke2 Rb8 39.Rc2 Rh5 40.Rd2 Rh2 41.Bxd4 cxd4 42.Rxd4 Rxg2+ 43.Ke3 Rb4 44.Kxe4 Rg5
45.Ne5 Rb8 46.Rc3 Rg1 47.Rc6 Re8 48.Kd5 Rg5 49.Re4 Kg7 50.Rc7+ Kg8 51.Rc5 Rf5
52.Rxa5  1-0

[Event "6th ch-Asia"]
[Site "Cebu City PHI"]
[Date "2007.09.19"]
[Round "1"]
[White "Batchuluun,C"]
[Black "Li Shilong"]
[Result "1-0"]
[WhiteElo "2415"]
[BlackElo "2547"]

1.d4 Nf6 2.c4 g6 3.Nc3 Bg7 4.e4 d6 5.Nf3 O-O 6.Be2 e5 7.O-O Nbd7 8.Be3 c6
9.d5 c5 10.Ne1 Ne8 11.Nd3 f5 12.f4 b6 13.Qd2 Qe7 14.Bf3 g5 15.fxg5 f4 16.Bf2 Qxg5
17.b4 Ndf6 18.a4 a5 19.bxc5 bxc5 20.Rab1 Ng4 21.Rb6 Bf6 22.Rfb1 Be7 23.Nxc5 Ne3
24.Rb8 Rxb8 25.Rxb8 Ng7 26.Ne6 Bxe6 27.Rxf8+ Kxf8 28.dxe6 Nxe6 29.Nb5 Qg6  1-0

[Event "17th Senior WCh"]
[Site "Gmunden AUT"]
[Date "2007.09.19"]
[Round "3"]
[White "Onat,I"]
[Black "Medvedev,M"]
[Result "1/2-1/2"]
[WhiteElo "2355"]
[BlackElo "2197"]

1.d4 d6 2.Nf3 Nf6 3.c4 g6 4.Nc3 Bg7 5.e4 O-O 6.Be2 Nbd7 7.O-O e5 8.Be3 Ng4
9.Bg5 f6 10.Bc1 Nh6 11.dxe5 Nxe5 12.Nxe5 fxe5 13.Be3 Be6 14.c5 Nf7 15.cxd6 Nxd6
16.Bc5 Rf7 17.Bxd6 Qxd6 18.Qxd6 cxd6 19.Rfd1 Bf8 20.Rd2 a6 21.Bd1 Rc7 22.Bb3 Bxb3
23.axb3 Rac8 24.Kf1 Kf7 25.Ke2 Ke6 26.Rd5 Rc5 27.Kd3 Bh6 28.Rxc5 Rxc5 29.b4 Rc6
30.g3 Bg5 31.Ra5 Bd8 32.Ra1 Bb6 33.Nd5 Bd4 34.Re1 Rc8 35.f4 Ba7 36.Rf1 Rf8
37.h4 h5 38.Rf3 Bd4 39.b3 Bb2 40.Rf2 Bd4 41.Rc2 Bg1 42.Rc7 Rf7 43.Ke2 Rxc7
44.Nxc7+ Ke7 45.Kf3 Bd4 46.g4 hxg4+ 47.Kxg4 exf4 48.Nd5+ Ke6 49.Nxf4+ Kf7
50.Nd3 Bc3 51.h5 gxh5+ 52.Kxh5 Ke6 53.Kg4 Bd2 54.Kf3 Bg5 55.Kg4 Bh6 56.Kf3 Bg5
57.Kg4 Bh6 58.Kf3  1/2-1/2

[Event "17th Senior WCh"]
[Site "Gmunden AUT"]
[Date "2007.09.19"]
[Round "3"]
[White "Gutkin,B ISR"]
[Black "Uhlmann,W"]
[Result "0-1"]
[WhiteElo "2256"]
[BlackElo "2417"]

1.d4 Nf6 2.Nf3 g6 3.c4 Bg7 4.Nc3 O-O 5.e4 d6 6.Be2 e5 7.Be3 Ng4 8.Bg5 f6
9.Bh4 Nc6 10.dxe5 dxe5 11.Nd2 Nh6 12.Nb3 Nd4 13.Nb5 Ne6 14.f3 Qe7 15.O-O Rd8
16.Qc2 c6 17.Na3 a5 18.Rfd1 a4 19.Rxd8+ Qxd8 20.Nc1 Nd4 21.Qc3 Be6 22.Bf1 b5
23.Nc2 Nf7 24.c5 Nxc2 25.Qxc2 a3 26.Bf2 axb2 27.Qxb2 f5 28.Nd3 fxe4 29.fxe4 Ng5
30.Nb4 Nxe4 31.Be3 Qc7 32.Rd1 Bf8 33.Qc2 Nf6 34.h3 Nd5  0-1

[Event "17th ch-EU U18 Boys"]
[Site "Sibenik CRO"]
[Date "2007.09.19"]
[Round "6"]
[White "Levin,Ev"]
[Black "Saric,Iv"]
[Result "0-1"]
[WhiteElo "2421"]
[BlackElo "2442"]

1.d4 Nf6 2.c4 g6 3.Nc3 Bg7 4.e4 d6 5.Nf3 O-O 6.Be2 e5 7.Be3 Na6 8.O-O Ng4
9.Bg5 Qe8 10.h3 h6 11.Bc1 Nf6 12.Bd3 c5 13.dxe5 dxe5 14.Be3 b6 15.a3 Qe7
16.Nd5 Qd6 17.Nd2 Nb8 18.b4 Nc6 19.Rb1 Nd4 20.Nb3 Nxd5 21.cxd5 f5 22.bxc5 bxc5
23.Na5 Ba6 24.Nb7 Bxb7 25.Rxb7 fxe4 26.Bxe4 Rfb8 27.Rxb8+ Rxb8 28.Qg4 Rb6
29.f4 Qf6 30.h4 Rb3 31.Bxd4 exd4 32.Bxg6 c4 33.d6 Rb6 34.Re1 Rxd6 35.Re8+ Bf8
36.Bd3+ Kf7 37.Qh5+ Kg7 38.Bxc4 Qxf4 39.Bd3 Rf6 40.Qe5 Qf2+ 41.Kh1 Qxh4+
42.Qh2 Qxh2+ 43.Kxh2 Bxa3 44.Kh3 a5 45.Kg4 Rf2 46.Be4 Bc1 47.Bd5 Rf4+ 48.Kg3 d3
49.Re7+ Kf8 50.Ra7 d2 51.Bb3 Rf1 52.Rd7 Rf5 53.Kg4 Rb5 54.Bd1 a4 55.Ra7 a3
56.Kf3 Re5 57.Be2 Rf5+ 58.Ke4 Rf1 59.Ra8+ Ke7 60.Ra7+ Kd6 61.Ra6+ Kc7 62.Rxh6 d1=Q
63.Rh7+ Qd7  0-1